Catálogo

Examen filosófico del acto de la decisión / (Registro nro. 42143)

Detalles MARC
000 -LEADER
fixed length control field 00618nam a2200205 a 4500
001 - CONTROL NUMBER
control field 42143
003 - CONTROL NUMBER IDENTIFIER
control field Mx-PuUPA
005 - DATE AND TIME OF LATEST TRANSACTION
control field 20241003133710.0
008 - FIXED-LENGTH DATA ELEMENTS--GENERAL INFORMATION
fixed length control field 140415s2000 000 0 spa d
020 ## - INTERNATIONAL STANDARD BOOK NUMBER
International Standard Book Number 9682001501
040 ## - CATALOGING SOURCE
Transcribing agency Mx-PuUPA
041 0# - LANGUAGE CODE
Language code of text/sound track or separate title spa
082 04 - DEWEY DECIMAL CLASSIFICATION NUMBER
Classification number 616.152
Item number ROS
100 1# - MAIN ENTRY--PERSONAL NAME
Personal name Llano Cifuentes, Carlos,
Relator term autor
245 10 - TITLE STATEMENT
Title Examen filosófico del acto de la decisión /
Statement of responsibility, etc. Carlos Llano Cifuentes
250 ## - EDITION STATEMENT
Edition statement Primera edición
264 #1 - PRODUCTION, PUBLICATION, DISTRIBUTION, MANUFACTURE, AND COPYRIGHT NOTICE
Place of production, publication, distribution, manufacture Ciudad de México :
Name of producer, publisher, distributor, manufacturer Universidad Panamericana,
Date of production, publication, distribution, manufacture, or copyright notice 1998
942 ## - ADDED ENTRY ELEMENTS (KOHA)
Source of classification or shelving scheme Dewey Decimal Classification
Koha item type Libro
Existencias
Withdrawn status Lost status Source of classification or shelving scheme Damaged status Not for loan Collection code Home library Current library Shelving location Date acquired Source of acquisition Total Checkouts Full call number Barcode Price effective from Koha item type
    Dewey Decimal Classification   En catalogación General Biblioteca Karol Wojtyla Biblioteca Karol Wojtyla Procesos técnicos 03/12/2013 Donación   616.152 ROS 63456 03/12/2013 Libro